000
00338nam a2200145Ia 4500
100
_a
Graham/A.K
650
_a
Electrical Engineering
942
_c
BK
654
_a
Handbook
245
_a
Electroplating Engineers Handbook
260
_b
Van nostand rainhold co.
_a
NEWYORK
_c
1971
082
_a
671.7
300
_a
845
546
_a
ENGLISH
999
_c
33898
_d
33898